Daily Capital City Riddle #101 - Statistics

General Stats
  • This quiz has been taken 33 times
  • The average score is 32 of 35
Answer Stats
Type Answer % Correct
Correctly Placed Letter A
100%
Found Letter A
100%
Found Letter B
100%
Alphabet Letter D
100%
Found Letter E
100%
Alphabet Letter I
100%
Found Letter N
100%
Alphabet Letter O
100%
Found Letter R
100%
Alphabet Letter S
100%
Alphabet Letter T
100%
Found Letter C
96%
Alphabet Letter G
96%
Alphabet Letter H
96%
Alphabet Letter L
96%
Alphabet Letter U
96%
Alphabet Letter W
96%
Alphabet Letter K
93%
Alphabet Letter M
93%
Correctly Placed Letter N
93%
Alphabet Letter P
93%
Alphabet Letter Y
93%
Correctly Placed Letter E
89%
Alphabet Letter J
89%
Correctly Placed Letter B
86%
Correctly Placed Letter C
86%
Correctly Placed Letter R
86%
Alphabet Letter V
86%
Alphabet Letter X
86%
Correctly Placed Letter A
82%
Mystery Capital Canberra
82%
Alphabet Letter F
82%
Alphabet Letter Q
82%
Correctly Placed Letter R
82%
Alphabet Letter Z
82%
No matching quizzes found
Score Distribution
Percent of People with Each Score
Percentile by Number Answered
Your Score History
You have not taken this quiz